Statystyki dla FIFA - Drużyna Marzeń / Dream Team

Kliknij tutaj aby rozwiązać quiz!

Ogólne statystyki

  • Ten quiz został rozwiązany 247 razy
  • Średni wynik to 4 z 11

Statystyki odpowiedzi

PozycjaImie i Nazwisko% Poprawnych
RWLionel Messi
97%
LWCristiano Ronaldo
96%
LMPele
51%
RMDiego Maradona
43%
LBPaolo Maldini
40%
GKLev Yashin
34%
CMXavi
31%
RBCafu
21%
CBFranz Beckenbauer
18%
CMLothar Matthaus
8%
STRonaldo Luis Nazario de Lima
6%

Rozkład punktacji

Percentyl według liczby udzielonych odpowiedzi

Procent ludzi z każdym wynikiem

Twoja historia wyników

Nie rozwiązałeś tego quizu